Obres completes [Música impresa] / Josep Elías ; per Josep Ma. Llorens i Julián Sagasta
Descripción Física:
v. ; 25 x 32 cm
Materias:
Orgue, Música per a -- S. XVIII
MARC
| LEADER | 00000nam a2200000Ia 4500 | ||
|---|---|---|---|
| 001 | 23027 | ||
| 008 | 160829s1986 xx 000 0 cat d | ||
| 080 | |a FOL-3-94 | ||
| 100 | |a Elias, Josep |9 38464 | ||
| 245 | |a Obres completes [Música impresa] / Josep Elías ; per Josep Ma. Llorens i Julián Sagasta | ||
| 260 | |a Barcelona : |b Diputació de Barcelona, Biblioteca de Catalunya, |c 1986 | ||
| 300 | |a v. ; |c 25 x 32 cm | ||
| 490 | |a Publicaciones de la Sección de Música / Biblioteca de Catalunya ; 31 | ||
| 590 | |a Conté: v. 2B: Versos per a orgue | ||
| 650 | |a Orgue, Música per a |x S. XVIII |9 38465 | ||
| 700 | 1 | |a Llorens, José Ma. |q (José María), |d 1923-2019 |9 26920 | |
| 700 | |a Sagasta Galdós, Julián |9 38467 | ||
| 710 | 1 | |a Biblioteca de Catalunya |9 52741 | |
| 901 | |a Arxiu | ||
| 942 | |n 1 | ||
| 952 | |0 0 |1 0 |4 0 |6 FOL394 |7 1 |9 49307 |a Arxiu |b Arxiu |d 2016-12-01 |l 0 |o FOL-3-94 |p 23027 |r 2016-12-01 00:00:00 |w 2016-12-01 |y ARXIU | ||
| 999 | |c 53149 |d 53149 | ||